Проблемно-ориентированная информатика химико-технологических процессов: учебное пособие

Λεπτομέρειες βιβλιογραφικής εγγραφής
Συγγραφή απο Οργανισμό/Αρχή: Национальный исследовательский Томский политехнический университет (ТПУ)
Άλλοι συγγραφείς: Кравцов А. В. Анатолий Васильевич, Чеканцев Н. В. Никита Витальевич, Шарова Е. С. Екатерина Сергеевна, Гынгазова М. С. Мария Сергеевна, Смышляева Ю. А. Юлия Александровна, Иванчина Э. Д. Эмилия Дмитриевна
Περίληψη:В учебном пособии изложены основные характеристики языков программирования, представлена технология программирования, показаны численные методы решения задач и функциональных выражений химической технологии. Описаны основы работы с Windows, со средой Delphi. Подробно рассмотрены особенности использования пакета Microsoft Office (Microsoft Office, Microsoft Excel), а также такие важные темы, как: применение информационных технологий в химии; базы данных и базы знаний; сеть интернет; средства защиты информации. Предназначено для студентов, обучающихся по специальности "Химическая технология и биотехнология", также будет полезно для начинающих пользователей компьютера.
Γλώσσα:Ρωσικά
Έκδοση: Томск, Изд-во ТПУ, 2014
Έκδοση:3-е изд.
Θέματα:
Μορφή: Βιβλίο
KOHA link:https://koha.lib.tpu.ru/cgi-bin/koha/opac-detail.pl?biblionumber=302069

MARC

LEADER 00000nam0a2200000 4500
001 302069
005 20231228112211.0
010 |a 9785438703976 
035 |a (RuTPU)RU\TPU\book\327264 
035 |a RU\TPU\book\223300 
090 |a 302069 
100 |a 20150819d2014 m y0rusy50 ca 
101 0 |a rus 
102 |a RU 
105 |a a j 001zy 
200 1 |a Проблемно-ориентированная информатика химико-технологических процессов  |e учебное пособие  |f А. В. Кравцов [и др.]  |g Национальный исследовательский Томский политехнический университет (ТПУ) 
205 |a 3-е изд. 
210 |a Томск  |c Изд-во ТПУ  |d 2014 
215 |a 159 с.  |c ил. 
320 |a Библиогр.: с. 156. 
330 |a В учебном пособии изложены основные характеристики языков программирования, представлена технология программирования, показаны численные методы решения задач и функциональных выражений химической технологии. Описаны основы работы с Windows, со средой Delphi. Подробно рассмотрены особенности использования пакета Microsoft Office (Microsoft Office, Microsoft Excel), а также такие важные темы, как: применение информационных технологий в химии; базы данных и базы знаний; сеть интернет; средства защиты информации. Предназначено для студентов, обучающихся по специальности "Химическая технология и биотехнология", также будет полезно для начинающих пользователей компьютера. 
606 1 |a Компьютеры  |x Применение в химических производствах  |2 stltpush  |3 (RuTPU)RU\TPU\subj\71178  |9 85203 
610 1 |a химическая технология 
610 1 |a языки программирования 
610 1 |a характеристика 
610 1 |a Turbo Pascal 
610 1 |a программирование 
610 1 |a модули 
610 1 |a функциональные задачи 
610 1 |a вычислительные задачи 
610 1 |a Microsoft Word 
610 1 |a Microsoft Excel 
610 1 |a Delphi 
610 1 |a Windows 
610 1 |a базы данных 
610 1 |a данные 
610 1 |a базы знаний 
610 1 |a Интернет 
610 1 |a информация 
610 1 |a безопасность 
610 1 |a защита 
610 1 |a учебные пособия 
610 1 |a труды учёных ТПУ 
675 |a 66.011:681.3(075.8)  |v 3 
701 1 |a Кравцов  |b А. В.  |c химик-технолог  |c профессор-консультант Томского политехнического университета, доктор технических наук  |f 1938-  |g Анатолий Васильевич  |3 (RuTPU)RU\TPU\pers\19827 
701 1 |a Чеканцев  |b Н. В.  |c химик-технолог  |c доцент Томского политехнического университета, инженер  |f 1985-  |g Никита Витальевич  |3 (RuTPU)RU\TPU\pers\25018 
701 1 |a Шарова  |b Е. С.  |c химик  |c доцент Томского политехнического университета, кандидат технических наук  |f 1984-  |g Екатерина Сергеевна  |3 (RuTPU)RU\TPU\pers\25019  |9 11152 
701 1 |a Гынгазова  |b М. С.  |c химик-технолог  |c ассистент кафедры химической технологии топлива и химической кибернетики Томского политехнического университета  |g Мария Сергеевна  |3 (RuTPU)RU\TPU\pers\28433 
701 1 |a Смышляева  |b Ю. А.  |c химик-технолог  |c ассистент Томского политехнического университета  |f 1985-  |g Юлия Александровна  |3 (RuTPU)RU\TPU\pers\25020 
701 1 |a Иванчина  |b Э. Д.  |c химик  |c профессор Томского политехнического университета, доктор технических наук  |f 1951-  |g Эмилия Дмитриевна  |3 (RuTPU)RU\TPU\pers\24966 
712 0 2 |a Национальный исследовательский Томский политехнический университет (ТПУ)  |c (2009- )  |3 (RuTPU)RU\TPU\col\15902 
801 1 |a RU  |b 63413507  |c 20111202 
801 2 |a RU  |b 63413507  |c 20150831  |g RCR 
942 |c BK